Australian Lawyers and Social Change (Record no. 1182999)

MARC details
000 -LEADER
fixed length control field 00742nam a2200253Ia 4500
003 - CONTROL NUMBER IDENTIFIER
control field OSt
005 - DATE AND TIME OF LATEST TRANSACTION
control field 20221007103529.0
008 - FIXED-LENGTH DATA ELEMENTS--GENERAL INFORMATION
fixed length control field 221006b |||||||| |||| 00| 0 eng d
037 ## - SOURCE OF ACQUISITION
Terms of availability Textual
040 ## - CATALOGING SOURCE
Original cataloging agency LCO
Transcribing agency LCO
Language of cataloging eng
041 ## - LANGUAGE CODE
Source of code eng
Language code of text/sound track or separate title eng
100 ## - MAIN ENTRY--PERSONAL NAME
Personal name Hambly David
9 (RLIN) 705183
245 #0 - TITLE STATEMENT
Title Australian Lawyers and Social Change
260 ## - PUBLICATION, DISTRIBUTION, ETC.
Place of publication, distribution, etc. Sydney
Name of publisher, distributor, etc. Law Book Company Limited India
Date of publication, distribution, etc. 1976
300 ## - PHYSICAL DESCRIPTION
Extent 392
650 ## - SUBJECT ADDED ENTRY--TOPICAL TERM
Topical term or geographic name entry element Australian Lawyers and Social Change
9 (RLIN) 705184
700 ## - ADDED ENTRY--PERSONAL NAME
Personal name Goldring John
9 (RLIN) 337501
942 ## - ADDED ENTRY ELEMENTS (KOHA)
Classification part Z8,54 0a yp,N74, L6
Koha item type Textual
Holdings
Withdrawn status Lost status Damaged status Not for loan Home library Current library Date acquired Total Checkouts Full call number Barcode Date last seen Price effective from Koha item type
        Law Centre-I Library Law Centre-I Library 2022-10-07   Z8,54 0a yp,N74 L6 LO0009266 2022-10-07 2022-10-07 Textual
Copyright @ Delhi University Library System